Cartoonfiguren mit B - Statistiken

Allgemein
  • Dieses Quiz wurde 96 mal gespielt
  • Das Durchschnittsergebnis liegt bei 10 aus 16
Antwortstatistiken
Bildquiz Antwort % Korrekt
Batman
100%
Bambi
98%
Bart Simpson
98%
Benjamin Blümchen
98%
Bibi Blocksberg
98%
Bugs Bunny
98%
Balu
93%
Buzz Lightyear
78%
Barney Geröllheimer
47%
Bender
40%
Betty Boop
39%
Barbapapa
31%
Bussi Bär
26%
Balduin Bienlein
11%
Bill
9%
Boule
5%
Keine übereinstimmenden Quizze gefunden
Verteilung der Resultate
Anzahl Personen mit jedem Resultat
Perzentil nach korrekt beantworteten Fragen
Ihre Resultats-Entwicklung
Sie haben dieses Quiz noch nicht gespielt